书目信息 |
| 题名: |
Java程序设计案例教程
|
|
| 作者: | 徐翠霞 主编 | |
| 分册: | ||
| 出版信息: | 北京 北京大学出版社 2008.07 |
|
| 页数: | 341页 | |
| 开本: | 26cm | |
| 丛书名: | ||
| 单 册: | ||
| 中图分类: | TP312JA | |
| 科图分类: | ||
| 主题词: | Java语言--Java yu yan--程序设计--高等学校--教材 | |
| 电子资源: | ||
| ISBN: | 978-7-301-13570-9 | |
| 000 | 00882nam0 2200253 450 | |
| 001 | 012008404857 | |
| 005 | 20080901194744.28 | |
| 010 | @a978-7-301-13570-9@dCNY33.00 | |
| 100 | @a20080901d2008 em y0chiy0120 ea | |
| 101 | 0 | @achi |
| 102 | @aCN@b110000 | |
| 105 | @aak a 000yy | |
| 106 | @ar | |
| 200 | 1 | @aJava程序设计案例教程@AJava cheng xu she ji an li jiao cheng@f徐翠霞主编@Fxu cui xia zhu bian |
| 210 | @a北京@c北京大学出版社@d2008.07 | |
| 215 | @a341页@c图@d26cm | |
| 300 | @a21世纪全国高职高专计算机案例型规划教材 | |
| 320 | @a有书目 | |
| 330 | @a本书共分为9章,主要内容包括:Java语言基础、对象和接口、基于swing的图形用户界面设计、异常处理和多线程、输入输出流等。 | |
| 606 | 0 | @aJava语言@AJava yu yan@x程序设计@x高等学校@j教材 |
| 690 | @aTP312JA@v4 | |
| 701 | 0 | @a徐翠霞@Axu cui xia@4主编 |
| 801 | 0 | @aCN@bQSSK@c20080901 |
| 905 | @b733971-73@dTP312JA@eX687@f3 | |
| Java程序设计案例教程/徐翠霞主编.-北京:北京大学出版社,2008.07 |
| 341页:图;26cm |
| 21世纪全国高职高专计算机案例型规划教材 |
| ISBN 978-7-301-13570-9:CNY33.00 |
| 本书共分为9章,主要内容包括:Java语言基础、对象和接口、基于swing的图形用户界面设计、异常处理和多线程、输入输出流等。 |
| ● |
| 相关链接 |
|
|
|
正题名:Java程序设计案例教程
索取号:TP312JA/X687
 
预约/预借
| 序号 | 登录号 | 条形码 | 馆藏地/架位号 | 状态 | 备注 |
| 1 | 733971 | 207339717 | 自科二线404/301自科库 79排2列5层/ [索取号:TP312JA/X687] | 在馆 | |
| 2 | 733972 | 207339726 | 自科库301/301自科库 85排1列3层/ [索取号:TP312JA/X687] | 在馆 | |
| 3 | 733973 | 207339735 | 自科库301/301自科库 85排1列3层/ [索取号:TP312JA/X687] | 在馆 |